| 000 | 01176nac a22003011u 4500 | ||
|---|---|---|---|
| 010 | _a 2005036329 | ||
| 020 | _a0131844156 (pbk.) | ||
| 035 | _a(OCoLC)ocm62679851 | ||
| 082 | 0 | 0 |
_a327.101 _bVIO |
| 090 |
_c9181 _d9181 |
||
| 100 | _aViotti, Paul R. | ||
| 245 | 1 | 0 |
_aInternational relations and world politics : security, economy, identity / _cPaul R. Viotti, Mark V. Kauppi. |
| 250 | _a3rd ed. | ||
| 260 |
_aUpper Saddle River, N.J. : _bPearson/Prentice Hall,c2007. _cc2007. |
||
| 300 |
_axvi, 584 p. : _bill. (some col.), col. maps ; _c26 cm. |
||
| 500 | _aDistributer: Sphinx. | ||
| 504 | _aIncludes bibliographical references and index. | ||
| 511 | _aCatalogued By: Mahitab. | ||
| 650 | 0 |
_aWorld politics _y1989- |
|
| 650 | 0 | _aInternational relations. | |
| 650 | 0 | _aSecurity, International. | |
| 650 | 0 | _aInternational trade. | |
| 650 | 0 | _aNationalism. | |
| 700 | 1 | _aKauppi, Mark V. | |
| 856 | 4 | 1 |
_3Table of contents only _uhttp://www.loc.gov/catdir/toc/ecip065/2005036329.html |
| 942 |
_cBB _k327.101VIO |
||
| 999 |
_c9181 _d9181 |
||